Menjejak Makhluk Asing

Bibliographic Details
Main Author: Adam Abidin (Author)
Format: Book
Published: Cheras, Selangor : PENERBITAN PENA SAKTI 2017
Series:Siri Jejak Saintis Muda
Subjects:

MARC

LEADER 00000cam a2200000 7i4500
001 0000276699
005 20210616053547.0
006 a ###j ###
007 t
008 210616 my a j may
020 |a 9789670692401 
040 |a MBPJ   |b eng   |c MBPJ   |e rda 
090 0 0 |a 001.942   |b ADA 
100 0 |a Adam Abidin ,   |e author 
245 1 0 |a Menjejak Makhluk Asing   |c Adam Abidin 
264 1 |a Cheras, Selangor :   |b PENERBITAN PENA SAKTI   |c 2017 
264 4 |c ©2017 
300 |a 32 pages :   |b colour illustrations ;   |c 26 cm. 
336 |a still image  |2 rdacontent 
336 |a text  |2 rdacontent 
337 |a unmediated  |2 rdamedia 
338 |a volume  |2 rdacarrier 
490 0 |a Siri Jejak Saintis Muda 
650 0 |a Human-alien encounters   |x Juvenile literature 
650 0 |a Unindentified flying objects   |v Juvenile literature 
999 |a 00377891   |b BUKU   |c JUNIOR BOOKS   |e PERPUSTAKAAN KOMUNITI PETALING JAYA 
999 |a 00377892   |b BUKU   |c JUNIOR BOOKS   |e PERPUSTAKAAN KOMUNITI PETALING JAYA